| 000 | 00356nam a2200133Ia 4500 | ||
|---|---|---|---|
| 008 | 240624s9999 xx 000 0 und d | ||
| 041 | _aeng | ||
| 082 | _a332.63221 MOD | ||
| 100 | _aMODY PALLAVI | ||
| 245 | _aEQUITY THE NEXT INVESTMENT DESTINATION | ||
| 260 |
_c2006 _aMumbai _bHimalaya Books Pvt. Ltd. |
||
| 300 | _a213 : p. : cm. ; 24 | ||
| 365 |
_cRS _b25 |
||
| 999 |
_c14855 _d14855 |
||